000 01770nam a22002417a 4500
999 _c56896
_d56896
003 Ge_BSU
005 20190611142831.0
008 190611b2018 ge ||||| |||| 00| 0 geo d
020 _a9789941182990
041 _ageo
080 _a94(479.22)"18"(093 უცხ.) ა-94
245 _aაღმოსავლეთსა და დასავლეთს შორის = Between East and West :
_bირანელი და ფრანგი ავტორები მე-19 საუკუნის საქართველოს შესახებ : [კრებული] /
_cრედ : გიორგი სანიკიძე.
264 _aთბილისი :
_bილიას სახელმწ. უნ-ტი,
_c2018.
300 _a392 გვ. :
_b ილ. ;
_c20 სმ.
500 _aროექტი განხორციელდა შოთა რუსთაველის ეროვნული სამეცნიერო ფონდის ფინანსური მხარდაჭერით.
504 _aბიბლიოგრ. სტატიების ბოლოს და ტექსტის შენიშვნებში.
546 _aტექსტი ქართ. და ინგლ. ენებზე.
653 _aისტორია
653 _aსაქართველოს ისტორიის უცხოური წყაროები -- XIX ს.
700 _aსანიკიძე,გიორგი
_eრედაქტორი
_92394
710 _aილიას სახელმწ. უნ-ტი, გ. წერეთლის აღმოსავლეთმცოდნეობის ინ-ტი ;
_92395
942 _2udc
_cBK